000 00982nam a2200253 a 4500
001 27515
003 BD-RjUL
005 20211209051150.0
008 140325m1959ii bcf 000 0 eng
035 _a(BD-RjUL)27589
040 _aDLC
_cCarP
_dBD-RjUL
_beng
041 _aeng
082 _a940.5354
_bREC V-2 1959
245 1 4 _aThe reconquest of Burma /
_cgeneral editor, Bisheshwar Prasad.
_nVOLUME II
_pJune 1944- August 1945
260 _aDelhi :
_bCombined Inter-services Historical Section (India & Pakistan); distributors: Orient Longmans, Bombay?
_c1959.
300 _axxv ,539 p. :
_bmaps (part fold., part col.) plates, ports. ;
_c26 cm.
490 _a Official history of the Indian Armed Forces in the Second World War, 1939-1945
500 _a"S.N. Prasad, P.N. Khera."
650 0 _aWorld War, 1939-1945
_xCampaigns
_zBurma. [from old catalog]
_976826
700 _aPrasad, Bisheshwar
_9115730
942 _2ddc
_cBK
999 _c27515
_d27515